Đề tài nghiên cứu khoa học:"Mô hình công nghiệp hóa hiện đại hóa nông nghiệp nông thôn huyện Ô Môn tỉnh Cần Thơ Đề tài nhánh
Gardado en:
| Autor Principal: | |
|---|---|
| Formato: | Libro |
| Idioma: | Undetermined |
| Publicado: |
Tp. HCM
Trường ĐH Kỹ thuật
2000
|
| Những chủ đề: | |
| Các nhãn: |
Engadir etiqueta
Sen Etiquetas, Sexa o primeiro en etiquetar este rexistro!
|
| Thư viện lưu trữ: | Trung tâm Học liệu Trường Đại học Cần Thơ |
|---|
| LEADER | 00730nam a2200193Ia 4500 | ||
|---|---|---|---|
| 001 | CTU_52695 | ||
| 008 | 210402s9999 xx 000 0 und d | ||
| 082 | |a 338.1 | ||
| 082 | |b Th523 | ||
| 100 | |a Lê Thị Bích Thuỷ | ||
| 245 | 0 | |a Đề tài nghiên cứu khoa học:"Mô hình công nghiệp hóa hiện đại hóa nông nghiệp nông thôn huyện Ô Môn tỉnh Cần Thơ Đề tài nhánh | |
| 245 | 0 | |c Lê Thị Bích Thuỷ | |
| 260 | |a Tp. HCM | ||
| 260 | |b Trường ĐH Kỹ thuật | ||
| 260 | |c 2000 | ||
| 650 | |a vietnam | ||
| 650 | |x developing countries,agricultural aspects | ||
| 650 | |z can tho province | ||
| 980 | |a Trung tâm Học liệu Trường Đại học Cần Thơ | ||